| 000 | 00891cab a22002055a 4500 | ||
|---|---|---|---|
| 001 | L157257 | ||
| 008 | 121008e2012 xxk 000 0 eng d | ||
| 035 | _a(Sirsi) u157257 | ||
| 041 | 0 | _aeng | |
| 110 | 2 |
_aEuroProperty _91216 |
|
| 245 | 0 | 0 |
_aSurvey _bGermany |
| 260 | _c2012 | ||
| 490 | 0 |
_aEuroProperty _v8 October 2012, 17-21 (5) |
|
| 520 | _aThe German market reveals a possible surge in distressed assets from banks, a bargain-hunt within the Commercial Mortgage-Backed Securities market, and the increasing popularity of core retail assets. Experts disagree whether German residential prices are a true reflection of the market or a bubble. Investors are cautious about eastern Germany's market outside Berlin but the region offers stability. | ||
| 590 | _aKA | ||
| 651 | 4 | _aGermany | |
| 690 |
_aCommercial property _96227 |
||
| 690 |
_aResidential property _96266 |
||
| 942 | _n0 | ||
| 999 |
_c84313 _d84313 |
||